000 00722nam a2200241Ia 4500
008 160319s9999 xx 000 0 und d
020 _a9715692354
050 _bR627f 1996
100 _aRizal, Jose
245 _aEl Filibusterismo :
245 _bsubversion : a sequel to Noli Me Tangere.
245 _c Rizal Jose ; edited by Raul L. Locsin ; translated by Ma. Soledad Lacson-Locsin.
260 _aMakati City :
260 _bBookmark,
260 _c1996
300 _axviii, 342 pages :
300 _billustrations :
300 _c24 cm.
650 _aEl Filibusterismo.
650 _aRizal y Alonzo, Jose, 1861-1869.
700 _a Locsin, Raul L., ed.
700 _aLacson-Locsin, Ma. Soledad, ed.
999 _c292315
_d292315